| 000 | 00637nam a2200193Ia 4500 | ||
|---|---|---|---|
| 999 |
_c2434 _d2434 |
||
| 020 | _a81-7304-214-4 | ||
| 082 | _a303.4840954792 WRI; | ||
| 245 | 0 | _aWriters, editors and reformers: social and political transformations of Maharashtra, 1830-1930 | |
| 260 |
_aNew Delhi _bManohar Publishers _c1999 |
||
| 300 | _a24p. | ||
| 504 | _aIncludes index | ||
| 650 | _aSocial reformers - Maharashtra | ||
| 650 | _aSocial movements - Maharashtra | ||
| 650 | _aSocial change - Maharashtra | ||
| 650 | _aJournalism - Social aspects - Maharashtra | ||
| 650 | _aMaharashtra - Social conditions - 1830-1930 | ||
| 700 | _aWagle, N.K. | ||
| 942 | _cBK | ||